Полное собрание сочинений Ф. М. Достоевского. Т. 20: Дневник писателя за 1876 г. (Запись № 4787091)

Подробности
000 -МАРКЕР
контрольное поле 01289nam2a2200253 4500
001 - ИДЕНТИФИКАТОР ЗАПИСИ
контрольное поле v19\rc\2062929
005 - ИДЕНТИФИКАТОР ВЕРСИИ
контрольное поле 20250620025015.0
035 ## - ДРУГИЕ СИСТЕМНЫЕ НОМЕРА
Идентификатор записи (NLR Aleph) 005139337
100 ## - ДАННЫЕ ОБЩЕЙ ОБРАБОТКИ
Данные общей обработки 20081111f19141918|||y0rusy50 ca
101 0# - ЯЗЫК РЕСУРСА
Язык текста, звукозаписи и т.д. русский
102 ## - СТРАНА ПУБЛИКАЦИИ ИЛИ ПРОИЗВОДСТВА
Страна публикации Российская Федерация
105 ## - ПОЛЕ КОДИРОВАННЫХ ДАННЫХ: ТЕКСТОВЫЕ МАТЕРИАЛЫ, МОНОГРАФИЧЕСКИЕ
Кодированные данные о монографическом текстовом документе y z |||||
200 1# - ЗАГЛАВИЕ И СВЕДЕНИЯ ОБ ОТВЕТСТВЕННОСТИ
Основное заглавие Дневник писателя за 1876 г.
210 ## - ПУБЛИКАЦИЯ, РАСПРОСТРАНЕНИЕ И ДР.
Дата издания, распространения и т.д. [между 1914 и 1918]
Место издания, распространения и т.д. Б. м.
215 ## - ФИЗИЧЕСКАЯ ХАРАКТЕРИСТИКА
Специфическое обозначение материала и объем VIII, 420 с.
461 #0 - УРОВЕНЬ НАБОРА
Встроенное поле 001v19\rc\2062914
-- 2001#$aПолное собрание сочинений Ф. М. Достоевского$eс многочисленными приложениями$vТ. 20
-- 700#1$aДостоевский$bФ. М.$f1821-1881$gФедор Михайлович$3RU\NLR\AUTH\77838
Системный номер (АБИС) связанной записи 4786981
Автор Достоевский, Ф. М. (1821-1881)
Место публикации Петроград
Дата публикации [1914-1918]
Имя издателя, распространителя и т.д. Просвещение
Сведения, относящиеся к заглавию с многочисленными приложениями
Заглавие Полное собрание сочинений Ф. М. Достоевского
Номер тома Т. 20
532 11 - РАСШИРЕННОЕ ЗАГЛАВИЕ
Заглавие Дневник писателя за тысяча восемьсот семьдесят шестой год
801 #0 - ИСТОЧНИК ЗАПИСИ
Страна Российская Федерация
Организация NLR
Правила каталогизации psbo
801 #1 - ИСТОЧНИК ЗАПИСИ
Страна Российская Федерация
Организация ProSoft-M
Источник данных rusmarc
852 ## - МЕСТОНАХОЖДЕНИЕ И ШИФР ХРАНЕНИЯ
Идентификатор организации NLR
Шифр хранения (Call Number) 64-3/223(20)
942 ## - ДОПОЛНИТЕЛЬНЫЕ ЭЛЕМЕНТЫ ЗАПИСИ (АБИС)
Тип экземпляра АБИС Книга
980 ## - КОЛЛЕКЦИЯ
Название коллекции Национальная библиография
Экземпляры
Тип экземпляра Дата поступления Библиотека постоянного хранения Библиотека текущего хранения Место хранения Шифр хранения Штрих-код Статус экземпляра
Книга 26.10.2013 РНБ (Садовая) РНБ (Садовая) Русский книжный фонд -Главное здание, Ленинский читальный зал 64-3/223(20) 5139337-10  
Книга 07.07.2023 РНБ (Садовая) РНБ (Садовая) Русский книжный фонд -Главное здание, Ленинский читальный зал 64-3/223(20)а 5139337-20